Simpsons Treehouse of Horror Segments - Statistics

General Stats
  • This quiz has been taken 57 times
  • The average score is 9 of 21
Answer Stats
Season Segment Title % Correct
The Raven
79%
Season 6: Treehouse of Horror V The Shinning
68%
Season 2: Treehouse of Horror Bad Dream House
62%
King Homer
53%
Nightmare on Evergreen Terrace
53%
Hungry are the Damned
50%
Bart Simpson's Dracula
47%
Nightmare Cafeteria
47%
Homer3
44%
Season 8: Treehouse of Horror VII The Thing and I
41%
Season 7: Treehouse of Horror VI Attack of the 50 Foot Eyesores
38%
Season 4: Treehouse of Horror III Clown Without Pity
38%
Dial "Z" for Zombies
38%
Season 5: Treehouse of Horror IV The Devil and Homer Simpson
38%
Time and Punishment
38%
Citizen Kang
35%
Season 3: Treehouse of Horror II The Monkey's Paw
35%
Terror at 5 1/2 Feet
32%
The Genesis Tub
29%
If Only I Had a Brain
21%
The Bart Zone
21%
No matching quizzes found
Score Distribution
Percent of People with Each Score
Percentile by Number Answered
Your Score History
You have not taken this quiz